| 000 | 00607nam a2200193Ia 4500 | ||
|---|---|---|---|
| 003 | GCL | ||
| 008 | 140319s9999 xx 000 0 ara d | ||
| 040 |
_aGCL / _cGCL |
||
| 082 | 0 | 4 |
_a813.083 _bح ع |
| 100 | 1 | _aاحمد عبدالمعطى حجازى | |
| 245 | 1 | 0 |
_aالعالم يشدو رويات قرنية / _cاحمد عبدالمعطى حجازى |
| 700 | 1 | _aيوسف محمد بزي | |
| 700 | 1 | _aابوالعلاء المعرى | |
| 260 |
_a[S.N] : _bدار الراتب الجامعية ، _c1986 |
||
| 300 | _a197 ص | ||
| 490 | _a | ||
| 650 | 0 | 4 | _aمعاجم القران |
| 942 |
_2ddc _cBK |
||
| 999 |
_c31632 _d31632 |
||